000 00397nam a22001697a 4500
003 OSt
005 20220131091204.0
008 220131b |||||||| |||| 00| 0 eng d
020 _a8181283635
040 _cHU
082 _a621.381
100 _aErickson
_929112
245 _aFundamentals of Power Electronics
250 _a2nd
260 _aNew Delhi
_bSpringer
_c2001
942 _2ddc
_cBOOKS
_n0
999 _c28454
_d28454